Tilastot visalle Alankomaat-visa

Klikkaa tästä pelataksesi tätä visaa!

Yleistilastot

  • Tätä visaa on pelattu 381 kertaa
  • Keskiarvotulos 13 / 24

Vastaustilastot

VinkkiVastaus% Oikein
Väkirikkaimmat kaupungitAmsterdam
99%
RajanaapuritBelgia
98%
Virallinen kieliHollanti
97%
RajanaapuritSaksa
97%
Nykyinen valuuttaEuro
94%
Väkirikkaimmat kaupungitRotterdam
77%
Kukka, jonka nousevat hinnat
aiheuttivat "manian" 1600-luvulla
Tulppaani
69%
Väkirikkaimmat kaupungitHaag
64%
KansallisurheilulajiJalkapallo
63%
"Tähtikirkkaan yön" maalariVincent van Gogh
61%
Viljan jauhamiseen sekä vedennostoon käytetty rakennelma, joista Alankomaat on kuuluisaTuulimylly
60%
Perinteinen jalkinePuukenkä
58%
Kuuluisin olutmerkkiHeineken
54%
Kansallinen lentoyhtiöKLM
46%
Valtio, jota kutsuttiin aikoinaan
Alankomaiden Itä-Intiaksi
Indonesia
45%
"Yövartion" maalariRembrandt
37%
Suurin öljy-yhtiöRoyal Dutch Shell
34%
Nykyinen monarkkiWillem-Alexander
29%
Entinen valuuttaAlankomaiden guldeni
28%
Ranskan kanssa jaettu
saari Karibialla
Saint Martin
25%
Ympäröivää vesialuetta matalammalla sijaitseva
maa-alue, joka on erotettu siitä valleilla ja padoilla
Polderi
16%
Suurin pankkiING
14%
Solubiologian perustaja, joka valmistamallaan mikroskoopilla havaitsi ensimmäisenä lihassyyt, bakteerit ja veren virtauksenAntonie van
Leeuwenhoek
11%
Valtaistuimen perillisen arvonimi{Oranian} prinssi
11%

Tulosjakauma

Persentiili vastausten määrän mukaan

Jokaisen tuloksen saaneiden osuus

Tuloshistoriasi

Et ole pelannut tätä visaa